00713nam a2200217Ia 4500008004100000020001500041050001000056050001500066245005900081245004200140260004300182260000900225300001700234300002100251300001100272650002800283650002500311700002600336999001900362952011400381160319s9999 xx 000 0 und d a9710804286 a641.5 bR175p 2011 a Philippine recipes and other international recipes /  c[compiled and edited] by Celia Ramos. bPhillippine Center of Entrepreneurship c2009 a429 pages :  billustrations ;  c21 cm. aCookery, International. aCookery, Philippine. aRamos, Celia Salazar. c292153d292153 001040aSSISBbSSISBcFILd2016-03-19l0oFil 641.5 R175p 2011pUS 1534r2016-03-19 00:00:00w2016-03-19yBK